000 005270000a22001810004500
003 MACL
005 20160227120816.0
008 160227b xxu||||| |||| 00| 0 eng d
040 _aMACL
_cMACL
041 _aHindi
082 _a800
100 _aलक्ष्‍मी राज
_940829
245 _aएक तवायफ के पत्र
260 _bहिन्‍दी बुक सेंटर
_c1980
_aनई दिल्‍ली
350 _a10
650 _aLiterature
_940830
942 _cHIN
_k800
_2ddc
999 _c27395
_d27395